Vinodolski zakon = The Vinodol law = Das Gesetz von Vinodol /

Saved in:
Bibliographic Details
Other Authors: Bekavac, Ivan., Crnić, Jadranko.
Format: Book
Language:Croatian
Published: Zagreb : Narodne novine, 1995.
Subjects:
Tags: Add Tag
No Tags, Be the first to tag this record!
LEADER 01226nam a2200349 a 4500
001 007792609-9
005 20041216134027.0
008 021022s1995 ci h bl 000 0 hrv d
010 |a  97228934  
035 0 |a ocm40619042 
035 |a (hol)007792609-9 
040 |a CUL  |c CUL  |d DLC  |d MH-L 
041 1 |a hrvengger 
042 |a lccopycat 
043 |a e-ci--- 
050 0 0 |a KJ1400  |b .A2 1995 
130 0 |a Vinodolski zakon.  |l Polyglot. 
245 1 0 |a Vinodolski zakon =  |b The Vinodol law = Das Gesetz von Vinodol /  |c [glavni i odgovorni urednik, Ivan Bekavac ; urednik, Jadranko Crnić]. 
246 3 1 |a Vinodol law 
246 3 1 |a Gesetz von Vinodol 
260 |a Zagreb :  |b Narodne novine,  |c 1995. 
300 |a 143 p. :  |b facsims. ;  |c 22 cm. 
504 |a Includes bibliographical references. 
546 |a Facsimile of code in Croatian, in Glagolitic script, with transcription into Latin script, text in modern Croatian, and translation into English and German. 
650 0 |a Law  |z Croatia  |x Sources. 
650 0 |a Customary law  |z Croatia  |x Sources. 
650 0 |a Manuscripts, Glagolitic  |z Croatia. 
655 7 |a Sources.  |2 fast 
700 1 |a Bekavac, Ivan. 
700 1 |a Crnić, Jadranko. 
988 |a 20021022 
906 |0 OCLC